ห้องสมุด วิทยาลัยพยาบาลบรมราชชนนี อุดรธานี
Boromarajonani College of Nursing, Udonthani
เปลี่ยนเป็นภาษาไทย

Change to English
 แสดงรายละเอียดบรรณานุกรม
  กลับหน้าหลัก

Brief Record : Get Marc (ISO 2709) : E-mail record : QR code ปิดหน้าต่าง
หนังสืออ้างอิง : เกี่ยวกับ Collections
mysqli: Table './ulib2015/stat_globaluid' is marked as crashed and last (automatic?) repair failed
select id from stat_globaluid where statuid='20260417224002_3467' 
mysqli: Table './ulib2015/stat_globaluid' is marked as crashed and last (automatic?) repair failed
DELETE FROM stat_globaluid
			WHERE id NOT IN (
			  SELECT id
			  FROM (
				SELECT id
				FROM stat_globaluid
				ORDER BY id DESC
				LIMIT 100
			  ) foo
			); 
mysqli: Table './ulib2015/stat_globaluid' is marked as crashed and last (automatic?) repair failed
insert into stat_globaluid set
		statuid='20260417224002_3467',
		dt='1776440402',
		phpself='/ULIB/dublinfull.php',
		agent='Mozilla/5.0 AppleWebKit/537.36 (KHTML, like Gecko; compatible; ClaudeBot/1.0; +claudebot@anthropic.com)',
		yea='2026',
		mon='4',
		dat='17',
		ip='216.73.216.55'
		
		
LEADER 00629nam 2200229 a 4500
001    3982
003     ULIBM
008    150310s2549 th m a000 0 tha d
020    ^a9749609697
050  4 ^aBQ4525^bพ349
100 0  ^aพระพรหมคุณาภรณ์ (ป.อ. ปยุตฺโต)
245 ^a ^a1111
250    ^aพิมพ์ครั้งที่ 1.
300    ^a136 หน้า :^bภาพประกอบ
440  0 ^aชุดธรรมะสามัญประจำบ้าน
650  7 ^aกรรม^xแง่ศาสนา^xพุทธศาสนา
650  7 ^aสวรรค์
650  7 ^aนรก
945    ^p0^l0^i34526
945    ^p0^l0^i34527
999     ^aพรปวีณ์
รายการนี้ยังไม่มีแท็ก
คุณยังไม่ได้ล็อกอิน คุณสามารถมีกิจกรรมร่วมกับเว็บไซต์ได้ แต่ต้องล็อกอินก่อน ::
  ล็อกอิน
ลำดับที่ ประเภท เลขเรียก/บาร์โค้ด สถานที่ สถานะ
1. หนังสือภาษาไทย
หนังสือภาษาไทย
BQ4525 พ349 2549  
  Barcode: 34526
หนังสือทั่วไป On Shelf
2. หนังสือภาษาไทย
หนังสือภาษาไทย
BQ4525 พ349 2549 ฉ.2 
  Barcode: 34527
หนังสือทั่วไป On Shelf
   [แสดง 2/2 รายการ]

mysqli: Can't create/write to file '/var/tmp/#sql_59d_0.MAI' (Errcode: 2)
select * from index_db where titl like '%นรก-สวรรค์ และผลกรรมในชาติหน้า / พระพรหมคุณาภรณ์ (ป.อ. ปยุตฺโต)%' and mid<>'3982'  order by rand() limit 3
mysqli: Can't create/write to file '/var/tmp/#sql_59d_0.MAI' (Errcode: 2)
select * from index_db where auth like '%พระพรหมคุณาภรณ์ (ป.อ. ปยุตฺโต)%' and mid<>'3982'  order by rand() limit 3
mysqli: Can't create/write to file '/var/tmp/#sql_59d_0.MAI' (Errcode: 2)
select * from index_db where subj like '%กรรม แง่ศาสนา พุทธศาสนา%' and mid<>'3982'  order by rand() limit 3
mysqli: Can't create/write to file '/var/tmp/#sql_59d_0.MAI' (Errcode: 2)
select * from index_db where subj like '%สวรรค์%' and mid<>'3982'  order by rand() limit 3
mysqli: Can't create/write to file '/var/tmp/#sql_59d_0.MAI' (Errcode: 2)
select * from index_db where subj like '%นรก%' and mid<>'3982'  order by rand() limit 3

BibComment


ยังไม่เคยถูกคอมเมนท์

คอมเมนท์ทรัพยากรรายการนี้
  คอมเมนท์: นรกสวรรค์ และผลก..
Bib 3982

 
 
 

 Union Library Management : ULibM
Copyright 2026. All Rights Reserved.